<?xml version="1.0" encoding="UTF-8"?>
<collection xmlns="http://www.loc.gov/MARC21/slim">
 <record>
  <leader>00808nam a2200169 a 4500</leader>
  <controlfield tag="001">1/53137</controlfield>
  <controlfield tag="008">210812s2002    gw a          000 | eng d</controlfield>
  <datafield tag="040" ind1=" " ind2=" ">
   <subfield code="a">GR-PeUP</subfield>
  </datafield>
  <datafield tag="082" ind1="0" ind2="0">
   <subfield code="a">956.9405 AWA</subfield>
  </datafield>
  <datafield tag="245" ind1="0" ind2="0">
   <subfield code="a">Award ceremony for the Human Rights Award 2002 of the Friedrich-Ebert-Stiftung :</subfield>
   <subfield code="b">in honour of the Israeli-Palestinian Peace Coalition : award ceremony on Friday, May 17th, 2002 /</subfield>
   <subfield code="c">[editor Anja Bengelstorff].</subfield>
  </datafield>
  <datafield tag="260" ind1=" " ind2=" ">
   <subfield code="a">Bonn :</subfield>
   <subfield code="b">Friedrich-Ebert-Stiftung, Division for International Cooperation,</subfield>
   <subfield code="c">2002.</subfield>
  </datafield>
  <datafield tag="300" ind1=" " ind2=" ">
   <subfield code="a">48 σ. :</subfield>
   <subfield code="b">εικ. ;</subfield>
   <subfield code="c">21 εκ.</subfield>
  </datafield>
  <datafield tag="650" ind1=" " ind2="0">
   <subfield code="a">Arab-Israeli conflict</subfield>
   <subfield code="x">Peace.</subfield>
  </datafield>
  <datafield tag="650" ind1=" " ind2="4">
   <subfield code="a">Αραβο-ισραηλινή σύγκρουση</subfield>
   <subfield code="x">Ειρήνη.</subfield>
  </datafield>
  <datafield tag="700" ind1="1" ind2=" ">
   <subfield code="a">Bengelstorff, Anja.</subfield>
  </datafield>
  <datafield tag="852" ind1=" " ind2=" ">
   <subfield code="a">INST</subfield>
   <subfield code="b">UNIPILB</subfield>
   <subfield code="c">MAIN</subfield>
   <subfield code="e">20210812</subfield>
   <subfield code="h">956.9405 AWA</subfield>
   <subfield code="p">00182031</subfield>
   <subfield code="q">00182031</subfield>
   <subfield code="t">LOAN</subfield>
   <subfield code="y">0</subfield>
   <subfield code="4">1</subfield>
  </datafield>
  <datafield tag="960" ind1=" " ind2=" ">
   <subfield code="a">ΜΑΡΙΑ ΒΕΛ</subfield>
  </datafield>
 </record>
</collection>
